000 00286nam a22001337a 4500
008 170810b xxu||||| |||| 00| 0 eng d
020 _a9780072263657
041 _aeng
080 _a004
100 _a35
101 _aSHK
245 _aWINDOWS SERVER 2008
_cRUEST,D
942 _2udc
_cBK
999 _c23144
_d23144